000 00860 a2200193 4500
003 NUST
005 20251121175128.0
040 _cNust
082 _a621.382,RAJ
100 _aRaja , Haroon (TCC-17A)
_9131990
245 _aAdaptive MIMO-OFDM communication wait channel state information (CSI) at the transmitter /
_cHaroon Raja, Saad Tehseen, Hussain Syed Kazmi and Haris Noor
260 _aRawalpindi
_bMCS (NUST)
_c2009
300 _a83 p.;
505 _aIntroduction (Page-1), Basic Wireless Concepts (Page-50, Orthogonal Frequency Division Multiplexing (OFDM) (Page-11), Multi Input Multi Output (MIMO) and MIMO-OFDM (Page-23), Link Adaptation Strategies (Page-39), Simulation Results (Page-71).
650 _aUG Projects
_998716
651 _aTCC-17A
_9131971
700 _aSupervised by Brig (R) Muhammad Khan Minhas
_9131991
942 _cPR
_2ddc
999 _c184046
_d184046